Psicología de los grupos / Amalio Blanco, Amparo Caballero y Luís de la Cortes (Registro nro. 209)

Detalles MARC
000 -LEADER
fixed length control field 00560nam a22001931a 4500
001 - CONTROL NUMBER
control field 209
003 - CONTROL NUMBER IDENTIFIER
control field OSt
005 - DATE AND TIME OF LATEST TRANSACTION
control field 20260204211645.0
008 - FIXED-LENGTH DATA ELEMENTS--GENERAL INFORMATION
fixed length control field 061130s19..||||sp ||||||b||||||||||spa||
020 ## - NUMERO DE LIBRO INTERNACIONAL NORMALIZADO
International Standard Book Number 8420539112
050 ## - LIBRARY OF CONGRESS CALL NUMBER
Classification number 302 B598p
100 ## - ASIENTO PRINCIPAL -- NOMBRE PERSONAL
Personal name Blanco, Amalio
245 ## - TÍTULO PROPIAMENTE DICHO: SUBTÍTULO
Title Psicología de los grupos / Amalio Blanco, Amparo Caballero y Luís de la Cortes
264 ## - PRODUCTION, PUBLICATION, DISTRIBUTION, MANUFACTURE, AND COPYRIGHT NOTICE
Place of production, publication, distribution, manufacture España : 450 p
500 ## - GENERAL NOTE
General note Incluye bibliografía
650 ## - ASIENTO SECUNDARIO DE MATERIA -- TERMINO TEMÁTICO
Termino Temático Como Elemento de Entrada 1.Psicología Social 2.Psicología de Grupos
700 ## - ASIENTO SECUNDARIO -- NOMBRE PERSONAL
Personal name Caballero, Amparo II.De la Cortes, LuísÌ
942 ## - ADDED ENTRY ELEMENTS (KOHA)
Source of classification or shelving scheme Dewey Decimal Classification
Koha item type Libros
Existencias
Withdrawn status Lost status Source of classification or shelving scheme Damaged status Not for loan Current library Date acquired Total Checkouts Full call number Barcode Date last seen Price effective from Koha item type
    Dewey Decimal Classification     Biblioteca UTECO 09/09/2019   302 B598P 012534 09/09/2019 09/09/2019 Libros
    Dewey Decimal Classification     Biblioteca UTECO 09/09/2019   302 B598P 013879 09/09/2019 09/09/2019 Libros
    Dewey Decimal Classification     Biblioteca UTECO 09/09/2019   302 B598P 013880 09/09/2019 09/09/2019 Libros
© 2021 Derechos Reservados UTECO - Teléfono: +1 809-585-2291 - Correo electrónico: biblioteca@uteco.edu.do​  
Código postal 43000 ​​
Dirección: Avenida Universitaria No. 100, 
Cotuí, Provincia Sánchez Ramírez, República Dominicana - RNC: 404-00059-6